Catecismo de la doctrina cristiana : primer grado

Gespeichert in:
Bibliographische Detailangaben
Format: Buch
Sprache:Spanisch
Erschienen: Madrid : Editorial Católica, imp. 1957
Katalog:MANES:  Suchergebnis im Bibliothekskatalog
Schulbuchspezifische Eigenschaften:
Schlagworte:
Tags: Tag hinzufügen
Keine Tags, Fügen Sie den ersten Tag hinzu!
Hinzugefügt zu:29.11.1999
Geändert in:07.05.2025

MARC

LEADER 00000cam a2200000 i 4500
005 20250507134450.0
008 000000s1957 espa fp 000 0 spa d
040 |a uned  |b spa  |c entro-manes 
245 0 0 |a Catecismo de la doctrina cristiana :   |b primer grado 
260 |a Madrid :   |b Editorial Católica,   |c imp. 1957 
300 |a 31 p. 
500 |a En port. : Comisión Episcopal de Enseñanza 
546 |a España 
561 |5 es-BUNED  |3 L.T. 1951  |a España. Fondo Manes UNED  |k MANES 
650 7 |a Enseñanza religiosa 
690 0 |a RyM 
691 0 |a PRI 
942 |2 ddc  |c BK 
999 |c 95092  |d 95092 
999 |c manes:95092  |d 95092